LEADER 01278nam a2200265 a 4500 001 000000162413 003 CaOOAMICUS 005 20170906091659.0 008 170906s1990 it b m 001 u eng r 032 $aLibriCat 040 $aPUL$bita 100 1 $aChukwulolu, Ekowa Paul.$0(OLS)http://pul/name/104174 245 14$aThe background of Igbo catholicism :$ba historical survey /$cauctore Ekowa Paul Chukwulolu. 260 $aRoma :$bPontificia Universitą Gregoriana,$c1990. 300 $axviii, 78 p. :$bc. geogr. ;$c24 cm. 502 $aEstratto da tesi -- Pontificia Universitas Gregoriana. Facultas Historiae Ecclesiasticae. 1990. 504 $aBibliografia in nota a pič pagina. 651 4$aAfrica$xLingua.$0(OLS)http://pul/subject/34146 710 2 $aPontificia Universitą Gregoriana.$bFacoltą di storia ecclesiastica.$kTesi.$0(OLS)http://pul/name/11264 850 $aPUL 852 $aPUL$W1$xDP1 Tesi Pon. Univ. Gregoriana$y40$mTH PUG 3637$j186402$qTesi$B189628$CPULBib$Z2$F189628 $H64890 $82 941 1 $a16 996 $6245$aThe background of Igbo catholicism :$ba historical survey$9(OLS)http://pul/title/202170 996 $6260$aRoma :$bPontificia Universitą Gregoriana$9(OLS)http://pul/publisher/47853 LEADER 01178nam a2200277 u 4500 001 000000119228 003 CaOOAMICUS 005 20100115132247.0 008 100115t2005 it k u000 u ita u 020 $a88-339-1588-3 040 $aPUL$bita$dReb 100 1 $aLolli, Gabriele.$0(OLS)http://pul/name/40490 245 10$aQED :$bfenomenologia della dimostrazione /$cGabriele Lolli. 260 $aTorino :$bBollati Boringhieri,$c©2005. 300 $a182 p. :$bform. ;$c22 cm 490 1 $aSaggi 504 $aBibliografia in nota. 650 4$aMatematica$xDimostrazioni.$0(OLS)http://pul/subject/36278 650 4$aMatematica$xFilosofia.$0(OLS)http://pul/subject/20379 830 0$aSaggi (Bollati Boringhieri)$pScienze.$0(OLS)http://pul/title/150034 850 $aPUL 852 $aPUL$W1$xSL Cons. Gen., Altre Classi 3$y75$m511. 3 LOLGA 3$j136825$qDDC 21$B135847$CPULBib$Z2$F135847 $H111980 $82 941 1 $a9 996 $6020$a88-339-1588-3$9(OLS)http://pul/number/142974 996 $6245$aQED :$bfenomenologia della dimostrazione$9(OLS)http://pul/title/150033 996 $6260$aTorino :$bBollati Boringhieri$9(OLS)http://pul/publisher/47883